| 000 | 00455nam a2200169Ia 4500 | ||
|---|---|---|---|
| 008 | 221030s9999 xx 000 0 und d | ||
| 020 | _a0333926250 | ||
| 041 | _aEnglish | ||
| 082 | _a105.23 | ||
| 100 | _aV. S. Janakiraman | ||
| 245 | 0 |
_aFoundations of Artificial Intelligence & Expert Systems _cby V. S. Janakiraman, K. Sarukesi |
|
| 260 |
_bMacmillan Pub. _aNew Delhi _c2011 |
||
| 300 | _a231 | ||
| 650 | _aIT | ||
| 700 | _aK. Sarukesi | ||
| 942 | _cBK | ||
| 999 |
_c9943 _d9943 |
||